| 000 | 00819nam a22001937a 4500 | ||
|---|---|---|---|
| 005 | 20210325190943.0 | ||
| 008 | s2532 th tha d | ||
| 041 | _atha | ||
| 090 | _aว UG773 ฝ149ป 2532 | ||
| 100 | 0 | _aฝังพูม บุญเลี้ยง | |
| 245 | 1 | 0 | _aปัญหาการบริหารงบประมาณของกองทัพอากาศ |
| 260 | 3 |
_aกรุงเทพฯ : _bวิทยาลัยป้องกันราชอาณาจักร, _c2532 |
|
| 300 |
_a97 หน้า : _b แผนภูมิ ; _c 28 ซม. |
||
| 650 | 0 | 4 | _aกองทัพอากาศ -- งบประมาณ -- วิจัย |
| 850 | _aNALT | ||
| 942 | _cRSH | ||
| 997 |
_c000000000026963 _kVC |
||
| 998 | _aNISA LUANGTONGKUM | ||
| 999 |
_c26963 _d26963 |
||